[Event "17th Hampstead: U2200"]
[Site "Hampstead"]
[Date "2014.04.13"]
[Round "5"]
[White "Gladstone, Joel"]
[Black "Hung, Dylan"]
[Result "1/2-1/2"]
[WhiteElo "1637"]
[BlackElo "1547"]

1. d4 d5 2. c4 c6 3. Nc3 Nf6 4. Nf3 e6 5. Bg5 Nbd7 6. a3 dxc4 7. e4 Be7 8. e5
Nd5 9. Bxe7 Nxe7 10. Bxc4 b5 11. Be2 Nb6 12. O-O O-O 13. Rc1 Bb7 14. Ne4 Nbd5
15. Qd2 Ng6 16. Nd6 Qb6 17. g3 Ba6 18. b4 f6 19. Rfe1 Rad8 20. Qb2 Rd7 21. Bd3
fxe5 22. Nxe5 {#d} 1/2-1/2

[Event "17th Hampstead: U2200"]
[Site "Hampstead"]
[Date "2014.04.13"]
[Round "5"]
[White "Ivanov, Elizabeth"]
[Black "Ratnesan, Ranesh"]
[Result "1/2-1/2"]
[WhiteElo "1592"]
[BlackElo "1487"]

1. e4 e5 2. Nf3 Nc6 3. d4 exd4 4. Bc4 Bb4+ 5. c3 dxc3 6. bxc3 Bc5 7. Bxf7+
Kxf7 8. Qd5+ Ke8 9. Qh5+ Kf8 10. Qxc5+ d6 11. Qe3 Qf6 12. Ba3 Nge7 13. O-O Bg4
14. Nbd2 h6 15. Nd4 Kf7 16. f4 Ke8 17. Rab1 Rb8 18. f5 Kd7 19. N2b3 Ne5 20.
Nd2 N7c6 21. Nxc6 Nxc6 22. h3 Bh5 23. Bb2 Rhf8 24. Qg3 g5 25. Nb3 Qe5 26. Qd3
Rbe8 27. Rfe1 Kc8 {#d} 1/2-1/2

[Event "17th Hampstead: U2200"]
[Site "Hampstead"]
[Date "2014.04.13"]
[Round "5"]
[White "Karia, Devin"]
[Black "Balouka Myers, Gabriel"]
[Result "1/2-1/2"]
[WhiteElo "1532"]
[BlackElo "1572"]

1. d4 d5 2. Nf3 Nf6 3. Bf4 Bf5 4. e3 e6 5. Ne5 Nbd7 6. g4 Bb4+ 7. c3 Bxb1 8.
Rxb1 Be7 9. Bd3 c6 10. Qc2 h6 11. f3 Qa5 12. b4 Qb6 13. e4 dxe4 14. fxe4 Nxe5
15. Bxe5 Nxg4 16. Bxg7 Bh4+ 17. Ke2 Rg8 18. Qc1 Rxg7 19. Qf4 h5 20. h3 Bg5 21.
Qf3 Nf6 22. Rhg1 Qd8 23. Rbf1 Kf8 24. h4 Bxh4 25. Rxg7 Kxg7 26. e5 Qe7 {#d}
1/2-1/2

[Event "17th Hampstead: U2200"]
[Site "Hampstead"]
[Date "2014.04.13"]
[Round "5"]
[White "Johnson, Elizabeth"]
[Black "Balouka Myers, Reuben"]
[Result "0-1"]
[WhiteElo "1427"]
[BlackElo "1534"]

1. e4 e6 2. Nf3 d5 3. e5 c5 4. d4 cxd4 5. Nxd4 Bc5 6. Nf3 Nc6 7. Nc3 Bd7 8.
Bb5 Nge7 9. Bg5 Qb6 10. O-O Ng6 11. Qe2 a6 12. Bxc6 Bxc6 13. Rab1 d4 14. Nd1
Bb5 15. c4 dxc3 16. Qc2 Bxf1 17. Kxf1 O-O 18. Nxc3 Rac8 19. Kg1 Bb4 20. Qb3
Qa5 21. Rc1 Bxc3 22. bxc3 Nxe5 23. Nxe5 Qxe5 24. Bd2 b5 25. Qa3 Qd5 26. Be3
Rfd8 27. h3 Qc6 28. Qb4 Qc4 29. Qxc4 Rxc4 30. Bd4 Rdxd4 31. Kh2 Rd2 32. a3
Rxf2 33. Rd1 g6 34. Rd6 Rxc3 35. Rxa6 Rcc2 36. Kg3 Rxg2+ 37. Kf4 Rge2 38. Kg5
Kg7 39. Rd6 Rc4 40. Rxe6 Rg2# 0-1

[Event "17th Hampstead: U2200"]
[Site "Hampstead"]
[Date "2014.04.13"]
[Round "5"]
[White "Meikle-Briggs, Richard"]
[Black "Karia, Kamlesh"]
[Result "1-0"]
[WhiteElo "1840"]
[BlackElo "1587"]

1. e4 e5 2. Nf3 Nc6 3. d4 exd4 4. Nxd4 Bc5 5. Be3 Bb6 6. Bc4 Nf6 7. Nc3 Ne5 8.
Be2 d6 9. O-O Nfg4 10. Bf4 h5 11. h3 c6 12. hxg4 hxg4 13. Bg3 g6 14. Na4 Bc7
15. f4 gxf3 16. Bxf3 Qg5 17. Qe1 Bd7 18. Bxe5 Qxe5 19. Nb3 O-O-O 20. Qe3 Qg3
21. Qxa7 Be6 22. Qa8+ Bb8 23. Na5 Kd7 24. Qxb7+ Ke8 25. Nxc6 Qh2+ 26. Kf2 Qh4+
27. g3 Qg5 28. Qb4 Rh2+ 29. Bg2 Bh3 30. Rg1 d5 31. Nxb8 Qf6+ 32. Ke3 d4+ 33.
Kd3 Bxg2 34. Qb5+ Kf8 35. Nd7+ {#r} 1-0

[Event "17th Hampstead: U2200"]
[Site "Hampstead"]
[Date "2014.04.13"]
[Round "5"]
[White "Nair, Lathish"]
[Black "Jina, Asha"]
[Result "0-1"]
[WhiteElo "1600"]
[BlackElo "1528"]

1. e4 e5 2. Nf3 Nc6 3. Bc4 Nf6 4. d3 h6 5. Nc3 d6 6. h3 g6 7. O-O Bg7 8. Be3
O-O 9. Qd2 Kh7 10. Nh2 Nh5 11. Nd5 f5 12. f3 f4 13. Bf2 Qg5 14. Ng4 Qd8 15. c3
Na5 16. Bb3 Nxb3 17. axb3 c6 18. Nb4 Bxg4 19. fxg4 Nf6 20. Bxa7 c5 21. Nc2 Qc7
22. d4 b6 23. dxe5 dxe5 24. Bxb6 Qxb6 25. Qe2 Qxb3 26. Na3 Qb7 27. Rfe1 Rfb8
28. Nc4 Rxa1 29. Rxa1 Nxe4 30. Re1 Ng3 31. Qd2 Qc7 32. Qd5 Re8 33. Qf3 Qd7 34.
Rd1 Qe6 35. Ne3 Qb3 36. Rd2 fxe3 37. Qxe3 Nf5 38. gxf5 gxf5 39. Qxc5 Qe6 40.
Kh1 e4 41. Rd6 Qe5 42. Rd5 Qe7 43. Qxe7 Rxe7 44. Rxf5 e3 45. Rf1 e2 46. Re1
Bf6 47. g3 Bg5 48. c4 Bd2 49. Rxe2 Rxe2 50. c5 Ba5 51. b3 Rb2 52. c6 Rxb3 53.
Kg2 Rc3 54. g4 Rxc6 55. Kg3 Rc3+ 56. Kg2 Kg6 57. h4 Bb6 58. h5+ Kg5 59. Kh1
Kxg4 60. Kg2 Rc2+ 61. Kh1 Ba5 62. Kg1 Kf3 63. Kh1 Kg3 {#R} 0-1